00457nam a2200109Ia 4500008004100000100002600041245014800067260003600215300001800251650001000269856006800279160712s9999 xx 000 0 und d aParedes, Alexandra P. cAlexandra P. ParedesaWeightless / Pusi / Disconnections 1 / Disconnections 2 / Subliminal / The House at the End of the World / Can't Get Over c2011bReview of Women's Studies avol. 21 no. 1 xWOMEN uhttp://journals.upd.edu.ph/index.php/rws/issue/view/441/showToc